000
00227nam a22001097a 4500
041
_a
eng
080
_a
80
100
_a
Brien, A., Brien, S.
245
_a
Schauplatz. Teachers Resource Book.
650
_a
German
999
_c
281176
_d
281176
942
_c
BK